Marking 150 years of EG (Record no. 80173)

MARC details
000 -LEADER
fixed length control field 00897cab a22002055a 4500
001 - CONTROL NUMBER
control field L143436
008 - FIXED-LENGTH DATA ELEMENTS--GENERAL INFORMATION
fixed length control field 080508e20080503xxk f 000 0 eng d
035 ## - SYSTEM CONTROL NUMBER
System control number (Sirsi) u143436
041 0# - LANGUAGE CODE
Language code of text/sound track or separate title eng
110 2# - MAIN ENTRY--CORPORATE NAME
Corporate name or jurisdiction name as entry element Estates Gazette
9 (RLIN) 298
245 00 - TITLE STATEMENT
Title Marking 150 years of EG
Remainder of title old, older, oldest...
260 ## - PUBLICATION, DISTRIBUTION, ETC.
Date of publication, distribution, etc. 2008
490 ## - SERIES STATEMENT
Series statement Estates Gazette
Volume/sequential designation (0817) 3 May 2008, 81-87(7)
520 ## - SUMMARY, ETC.
Summary, etc. First in a series of five articles looks at the historical beginnings of top surveying companies, including many RICS firms, over the last three centuries. Examines the history of the oldest company, Drivers Jonas, and its attempts to break free from its traditional image. Includes a family tree. See also part two (L143472), part three (L143568), part four (L143713) and part five (L143890).
590 ## - LOCAL NOTE (RLIN)
Local note KA
651 #4 - SUBJECT ADDED ENTRY--GEOGRAPHIC NAME
Geographic name United Kingdom
Chronological subdivision
690 ## - LOCAL SUBJECT ADDED ENTRY--TOPICAL TERM (OCLC, RLIN)
Topical term or geographic name as entry element PROPERTY
700 1# - ADDED ENTRY--PERSONAL NAME
Personal name Barnard, Lucy
942 ## - ADDED ENTRY ELEMENTS (KOHA)
Suppress in OPAC 0
Holdings
Withdrawn status Lost status Source of classification or shelving scheme Damaged status Not for loan Home library Current library Shelving location Date acquired Total Checkouts Full call number Barcode Date last seen Copy number Price effective from Koha item type
    Dewey Decimal Classification     London London Journal article 08/05/2008   L143436 143436-1001 06/08/2019 1 06/08/2019 Journal article